Science Quiz

Random Science Quiz

Constellation by Object Quiz Stats

 Plays Quiz not verified by Sporcle

Also try: Java Keywords
Challenge
Share
Tweet
Embed
Score 0/20 Timer 05:00
0 Plays Today
Object Constellation % Correct
Big Dipper*Ursa Major
95.3%
Polaris (North Star)Ursa Minor
87.5%
BetelgeuseOrion
87.5%
SiriusCanis Major
85.9%
CastorGemini
84.4%
DenebCygnus
75%
VegaLyra
73.4%
AltairAquila
71.9%
The PleiadesTaurus
71.9%
ArcturusBoötes
70.3%
Object Constellation % Correct
CapellaAuriga
68.8%
SpicaVirgo
67.2%
ProcyonCanis Minor
67.2%
CanopusCarina
50%
ArchenarEridanus
45.3%
The Coal SackCrux
32.8%
Barnard's StarOphiuchus
31.3%
Large Magellanic CloudDorado
29.7%
Lagoon NebulaSagittarius
28.1%
The Dumbbell NebulaVulpecula
25%

You're not logged in!

Compare scores with friends on all Sporcle quizzes.
Join for Free
OR
Log In

You Might Also Like...

Show Comments

Extras

Created Feb 22, 2011ReportNominate
Tags:constellation, object

Top Quizzes Today


Score Distribution

Your Account Isn't Verified!

In order to create a playlist on Sporcle, you need to verify the email address you used during registration. Go to your Sporcle Settings to finish the process.

Report this User

Report this user for behavior that violates our Community Guidelines.

Details: